| 000 | 00788cam a2200277 4500 | ||
|---|---|---|---|
| 008 | 090401t1997 xxu||||| |||| 00| 0 eng d | ||
| 020 | _a0117533920 | ||
| 035 | _a(Sirsi) u79423 | ||
| 041 | _aeng | ||
| 050 | _a711.52 | ||
| 110 |
_aUnited Kingdom _bDepartment of the Environment _9982 |
||
| 245 | _aManaging urban spaces in town centres: good practice guide. | ||
| 260 |
_aLondon _bStationery Office _c1997 |
||
| 300 | _a82p. : ill. ; 30cm. | ||
| 350 | _a27 | ||
| 650 | _aPEDESTRIANISATION | ||
| 650 | _aTOWN CENTRE MANAGEMENT | ||
| 650 | _aTOWN CENTRES | ||
| 650 | _aURBAN AREAS | ||
| 650 | _aURBAN REGENERATION | ||
| 690 | _aURBAN RENEWAL | ||
| 710 |
_aAssociation of Town Centre Management _93506 |
||
| 710 |
_aChesterton _92357 |
||
| 942 | _n0 | ||
| 948 | _c03/07/1997 | ||
| 999 |
_c96540 _d96540 |
||